000 00463nam a22001697a 4500
020 _a9780070699724
082 _a621.31 SUD
100 _aSudhakar, A.
245 _aCircuits and networks: analysis and synthesis
250 _a4th ed.
260 _aNew Delhi, India
_bMcGraw Hill
_c2010
300 _axvii, 972 p.
_bill. ;
500 _aIncludes index.
650 _a1. Electric networks. 2. Electric circuits.
700 _aPalli, Shyammohan S.
942 _cBK
999 _c12662
_d12662